000
00484nam a2200193Ia 4500
008
100917s9999 xx 000 0 und d
082
_b
27635
100
_a
आपटे हरि नारायण
245
_a
आजच
260
_b
रम्यकथा प्रकाशन
260
_c
1973
300
_a
260
365
_b
8
520
_a
कादंबरी
630
_a
आजच
650
_a
कादंबरी
730
_a
आजच
942
_c
BOOK
999
_c
633029
_d
633026